| 000 | 00900cam a22002411 4500 | ||
|---|---|---|---|
| 001 | pa 67000005 | ||
| 003 | DLC | ||
| 005 | 20260227111857.0 | ||
| 008 | 770823s1966 dcu i000 0 eng c | ||
| 010 | _apa 67000005 | ||
| 035 | _a(OCoLC)3210715 | ||
| 040 |
_aPan American Union. Library _cTNJ _dDLC |
||
| 042 | _apremarc | ||
| 050 | 0 | 0 |
_aHF3230.5.Z5 _bP33 |
| 110 | 2 |
_aPan American Union. _bDepartment of Economic Affairs. |
|
| 245 | 1 | 0 |
_aLatin America's foreign trade; _bproblems and policies. |
| 260 |
_aWashington, _c1966. |
||
| 300 |
_avi, 93 p. _c28 cm. |
||
| 500 | _a"Originally published for the fourth annual meeting of the Inter-American Economic and Social Council ... with the following classification OEA/ser.H/x.8, CIES/862 (English)" | ||
| 651 | 0 |
_aLatin America _xCommercial policy. |
|
| 651 | 0 |
_aLatin America _xCommerce. |
|
| 710 | 2 | _aInter-American Economic and Social Council. | |
| 999 |
_c51599 _d51599 |
||